000 00458nam a2200169 i 4500
001 bg
245 0 _aBadania i ocena niezawodnoĊ›ci maszyny w systemie transportowym /
_c[aut. Wiktor Adamkiewicz iet al.].
260 _aWarszawa,
_c1983.
490 1 _aEksploatacja
700 1 _aAdamkiewicz, Wiktor.
830 _aEksploatacja
040 _cBPK
041 _apol
080 _a629.12:621.43
942 _cKS
008 s pl f |000 0 pol
999 _c22209
_d22209
856 _uhttp://koha.tu.koszalin.pl/cgi-bin/koha/opac-detail.pl?biblionumber=22209
_yKatalog online BPK